La gran ilusión

Αποθηκεύτηκε σε:
Λεπτομέρειες βιβλιογραφικής εγγραφής
Κύριος συγγραφέας: Renoir, Jean (Συγγραφέας)
Μορφή: Βιβλίο
Γλώσσα:Ισπανικά
Έκδοση: Barcelona Aymá 1966
Σειρά:Colección Voz Imagen. Serie Cine, 16
Θέματα:
Ετικέτες: Προσθήκη ετικέτας
Δεν υπάρχουν, Καταχωρήστε ετικέτα πρώτοι!

MARC

LEADER 00000cam a2200000 a 4500
001 UCV8555
003 CL-VaPUC
008 911008e19660000SP |||||||||||||||||spa|d
082 0 4 |a 791.43  |b REN  |2 21 
100 0 |a Renoir, Jean  |e author  |9 302583 
245 1 3 |a La gran ilusión 
300 |a 179 p 
942 |c BK 
945 |d 19911008 00:00:00 
260 |a Barcelona  |b Aymá  |c 1966 
650 0 |a Productores y directores de cine  |9 266427 
650 0 |a Guiones cinematográficos   |9 266811 
651 0 |a Francia  |9 255157 
583 |a last modification  |c 20190402 09:15:35  |k Rodrigo Vera 
490 0 |a Colección Voz Imagen. Serie Cine, 16 
999 |c 214047  |d 214045 
952 |0 0  |1 0  |3 erb  |4 0  |6 791_430000000000000_REN_1966  |7 0  |8 A  |9 197059  |a BIBART  |b BIBART  |i 5475759  |o 791.43 REN 1966  |p 5475759  |r 2025-03-13  |w 2019-11-14  |y BK  |z Catalogado en:20180615  |k ART